000 01371nam2a2200241 4500
001 RU\NLR\bibl\845440
005 20250614150152.0
021 _aRU
_b2005-50798
_92477
035 _a(NLR Aleph) 000834224
090 _a1379981
_c1379981
100 _a20050928d2005 |||y0rusy50 ca
101 0 _arus
102 _aRU
105 _ay |||||||||
200 1 _aСтатистика предприятия
210 _d2005
_aБ. м.
215 _a64 с.
461 0 _1001RU\NLR\bibl\847999
_12001#$aСборник задач по учебной дисциплине "Статистика"$vЧ. 2
_91395126
_cМосква
_d2005
_fФедер. агентство по образованию , Гос. образоват. учреждение высш. проф. образования "Гос. ун-т упр.", Ин-т финансового менеджмента, Каф. статистики
_nГосударственный университет управления
_oдля студентов специальностей "Бухгалтерский учет, анализ и аудит" - 080109, "Менеджмент организации" - 080507
_tСборник задач по учебной дисциплине "Статистика"
_vЧ. 2
801 0 _aRU
_bNLR
_c20050928
_grcr
801 1 _aRU
_bNLR
_c20050928
942 _cBOOK
980 _aNB